| 000 | 01921nam0a2200325 4500 | ||
|---|---|---|---|
| 001 | RU\NLR\BIBL_A\022629659 | ||
| 005 | 20251204142300.0 | ||
| 010 |
_a978-5-00200-006-7 _9300 |
||
| 021 |
_aRU _bКН-П-25-047399 _9КН-П-25-4599 |
||
| 035 | _a(NLR Aleph) 022629659 | ||
| 090 |
_a13497037 _c13497037 |
||
| 100 | _a20250924d2021 u y0rusy50 ca | ||
| 101 | 0 | _arus | |
| 102 | _aRU | ||
| 105 | _aa j 000yy | ||
| 181 | 0 |
_ai3 _baxxe |
|
| 182 | 0 | _an | |
| 200 | 1 |
_aЭкономика предприятия (организации) _eучебно-методическое пособие _eпо курсу "Экономика предприятия (организации)" для студентов, обучающихся по направлениям подготовки 38.03.02 (менеджмент), 38.03.04 (государственное и муниципальное управление) _fИ. А. Дагаева, Е. Л. Линева _gМинистерство науки и высшего образования Российской Федерации, Псковский государственный университет |
|
| 203 |
_aТекст _bвизуальный _cнепосредственный |
||
| 210 |
_aПсков _cПсковский государственный университет _d2021 |
||
| 215 |
_a79 с. _cил., табл. _d20 |
||
| 320 | _aБиблиогр.: с. 78-79 (24 назв.) | ||
| 606 | 1 |
_aПредприятия _xЭкономика _jУчебно-методические пособия для высших учебных заведений _2nlr_sh1 _2nlr_sh2 _3RU\NLR\AUTH\661254966 |
|
| 686 | 1 | _aУ29(2Р)я73 | |
| 700 | 1 |
_aДагаева _bИ. А. _gИрина Анатольевна |
|
| 701 | 1 |
_aЛинёва _bЕ. Л. _gЕлена Леонидовна |
|
| 942 | _cBOOK | ||
| 980 | _aNB | ||